Chân dung anh hùng thời đại Hồ Chí Minh. t. II /
Na minha lista:
| Autor Corporativo: | |
|---|---|
| Formato: | Sách giấy |
| Idioma: | Vietnamese |
| Publicado em: |
H. :
Lao động; Quân đội Nhân dân,
2000
|
| Tags: |
Adicionar Tag
Sem tags, seja o primeiro a adicionar uma tag!
|
| Thư viện lưu trữ: | Thư viện Trường Đại học Đà Lạt |
|---|
| LEADER | 00891nam a2200301 4500 | ||
|---|---|---|---|
| 001 | DLU030023802 | ||
| 003 | ##DLU | ||
| 005 | ##20021230 | ||
| 008 | ##021230t vn z000 vie d | ||
| 040 | # | # | |a DLU |b vie |
| 041 | # | # | |a vie |
| 044 | # | # | |a vn |
| 082 | # | # | |a 920.059 7 |b HOI |
| 110 | # | # | |a Hội đồng Thi đua Khen thưởng Trung ương. Ban Tư tưởng Văn hoá Trung ương |
| 245 | # | # | |a Chân dung anh hùng thời đại Hồ Chí Minh. |n t. II / |c Hội đồng Thi đua Khen thưởng Trung ương. Ban Tư tưởng Văn hoá Trung ương |
| 260 | # | # | |a H. : |b Lao động; |b Quân đội Nhân dân, |c 2000 |
| 300 | # | # | |a 1331 tr. ; |c 27 cm |
| 990 | # | # | |a t.II |
| 992 | # | # | |a 300000 |
| 994 | # | # | |a DLU |
| 998 | # | # | |a TK |
| 900 | # | # | |a True |
| 911 | # | # | |a Phan Ngọc Đông |
| 925 | # | # | |a G |
| 926 | # | # | |a A |
| 927 | # | # | |a SH |
| 980 | # | # | |a Thư viện Trường Đại học Đà Lạt |